Rubber Soul (The Beatles) Cdp 7 46440 2 (Record n. 99090)

Dettagli MARC
000 -LEADER
fixed length control field 01231njm a2200301Ia 4500
001 - CONTROL NUMBER
control field 64354
003 - CONTROL NUMBER IDENTIFIER
control field IT-RoPAU
005 - DATE AND TIME OF LATEST TRANSACTION
control field 20220918181112.0
008 - FIXED-LENGTH DATA ELEMENTS--GENERAL INFORMATION
fixed length control field 131025s9999 xx 000 0 und d
040 ## - CATALOGING SOURCE
Original cataloging agency IT-RoPAU
040 ## - CATALOGING SOURCE
Transcribing agency IT-RoPAU
999 ## - SYSTEM CONTROL NUMBERS (KOHA)
Koha Dewey Subclass [OBSOLETE] n.d.
100 ## - MAIN ENTRY--PERSONAL NAME
Personal name Lennon John
9 (RLIN) 23386
100 ## - MAIN ENTRY--PERSONAL NAME
Relator term Autore musica
9 (RLIN) 23387
100 ## - MAIN ENTRY--PERSONAL NAME
Miscellaneous information Codice autore musica SPICS: 13133
9 (RLIN) 23388
245 ## - TITLE STATEMENT
Title Rubber Soul (The Beatles) Cdp 7 46440 2
250 ## - EDITION STATEMENT
Edition statement 1a ed.
260 ## - PUBLICATION, DISTRIBUTION, ETC. (IMPRINT)
Place of publication, distribution, etc. ENGLAND
260 ## - PUBLICATION, DISTRIBUTION, ETC. (IMPRINT)
Name of publisher, distributor, etc. EMI RECORDS
Date of publication, distribution, etc. 1987 [1a Ed.:1965 - Ed. Lingua Orig.: 1965]
300 ## - PHYSICAL DESCRIPTION
Extent COMPACT DISC
500 ## - GENERAL NOTE
General note Musica rock.
505 ## - FORMATTED CONTENTS NOTE
Formatted contents note Drive My Car - You Won't See Me - Norwegian Wood (This Bird Has Flown) - Nowhere Man - The Word - Michelle - What Goes On - Girl - I'm Looking Through You - In My Life - Wait - Run For Your Life - Think For Yourself - If I Needed Someone
650 ## - SUBJECT ADDED ENTRY--TOPICAL TERM
Topical term or geographic name as entry element ROCK [COMPACT DISC]
Relator term Codice MATERIA SPICS: 9949
9 (RLIN) 23389
700 ## - ADDED ENTRY--PERSONAL NAME
Personal name Beatles (The)
Miscellaneous information Codice interprete SPICS: 9428
9 (RLIN) 23390
700 ## - ADDED ENTRY--PERSONAL NAME
Personal name McCartney Paul
Relator term Autore
Miscellaneous information Codice autoreSPICS: 8084
9 (RLIN) 23391
700 ## - ADDED ENTRY--PERSONAL NAME
Personal name Harrison George
Relator term Autore musica
Miscellaneous information Codice autore musica SPICS: 10100
Name of part/section of a work Think For Yourself - If I Needed Someone
9 (RLIN) 23392
942 ## - ADDED ENTRY ELEMENTS (KOHA)
Koha item type CD AUDIO
Source of classification or shelving scheme Dewey Decimal Classification
Dati di copia
Withdrawn status Lost status Damaged status Not for loan Home library Current library Date acquired Total Checkouts Full call number Date last seen Price effective from Koha item type Public note
    Buone Condizioni Not For Loan SPICS-MEDIATECA SPICS-MEDIATECA 25/10/2013   64354 25/10/2013 25/10/2013 CD AUDIO Progr. Ins.: 15911 / N.Vol.: 1 / Copie: 1 - Copia rara: n.d. / date import: 01.01.2014 - By Epidotti, Trombetti, Vaglietti
CREDITS: SOCIETA' SAN PAOLO Via A.Severo, 58 - ROMA (RM) & PERIODICI SAN PAOLO SRL Via Giotto, 36 MILANO & CISF Via Giotto, 36 MILANO & EDIZIONI SAN PAOLO SRL,  Piazza Soncino, 5 CINISELLO BALSAMO (MI) -- ITALY